Administrative divisions of the Ukraine - Statistics

General Stats
  • This quiz has been taken 162 times
  • The average score is 14 of 27
Answers on the Map
Answers color-coded by a green-red scale on the quiz's map according to % correct below.
 
Answer Stats
Typ Answer % Correct
Oblast Kiev (Kyivshchyna)
95%
City Kyiv (Kiev)
95%
Autonomous Republic Crimea
86%
Oblast Luhansk (Luhanshchyna)
85%
Oblast Lviv (Lvivshchyna)
81%
Oblast Odessa
78%
Oblast Kharkiv (Kharkivshchyna)
75%
City Sevastopol
73%
Oblast Kherson (Khersonshchyna)
65%
Oblast Dnipropetrovsk (Dnipropetrovshchyna, Sicheslav)
58%
Oblast Sumy (Sumshchyna)
53%
Oblast Chernihiv (Chernihivshchyna)
51%
Oblast Zaporizhia (Zaporizhzhia)
50%
Oblast Ivano-Frankivsk (Prykarpattia)
48%
Oblast Poltava (Poltavshchyna)
47%
Oblast Mykolaiv (Mykolaivshchyna)
45%
Oblast Zakarpattia (Transcarpathian, Transcarpathia)
44%
Oblast Rivne (Rivnenshchyna)
40%
Oblast Volyn (Wolyn, Lodomeria)
38%
Oblast Cherkasy
36%
Oblast Chernivtsi
33%
Oblast Ternopil (Ternopilshchyna, Ternopillia)
33%
Oblast Zhytomyr (Zhytomyrshchyna)
31%
Oblast Kirovohrad (Kirovohradschyna, Kropyvnytskyi)
30%
Oblast Vinnytsia (Vinnychchyna)
28%
Oblast Khmelnytskyi (Khmelnychchyna)
23%
Oblast Donezk (Donechchyna)
7%
No matching quizzes found
Score Distribution
Percent of People with Each Score
Percentile by Number Answered
Your Score History
You have not taken this quiz